| 000 | 00672nam a22002057a 4500 | ||
|---|---|---|---|
| 003 | OSt | ||
| 005 | 20250701061544.0 | ||
| 008 | 250701b |||||||| |||| 00| 0 eng d | ||
| 020 | _a971-9919-07-0. | ||
| 040 |
_aDWCL - Main lib _cOC |
||
| 082 | _aFil. 657 V173p 2011 | ||
| 100 | _aConrado T. Valix | ||
| 245 |
_aPractical accounting one/ _cConrado T. Valix |
||
| 250 | _a2011 rev. ed. | ||
| 260 |
_aManila : _b GIC Enterprises & Co, c2011 Description 1310 p. ; _c22 cm. |
||
| 300 |
_a1310 p. ; _c22 cm. |
||
| 650 | _a1. Accounting-Examintaions, questions, etc. | ||
| 650 | _a2. Accounting-Problems, exercises, etc. | ||
| 942 |
_2ddc _cBK - FIL _e 2011 rev. ed. _kFil. _n0 |
||
| 999 |
_c3336 _d3336 |
||